| 000 | 00392nas a2200145 a 4500 | ||
|---|---|---|---|
| 008 | 070417c20069999||||||||||||||||| || u | ||
| 050 | _aRA(05) | ||
| 245 | 0 | 0 |
_aResearch Africa _cedited by Linda Nordling |
| 260 |
_aCape Town _c2006 |
||
| 300 | _a20p.; ill. | ||
| 350 | _a0.00 | ||
| 362 | 1 | _a20 Jun. 2006 | |
| 650 | _aRESEARCH COLLABORATION | ||
| 650 | 0 | _aRESEARCH--DEVELOPING COUNTRIES--AFRICA | |
| 999 |
_c56289 _d56289 |
||